00646nam a2200145Ia 4500008004100000040001800041041000800059110009900067245016800166260003600334300001300370650002300383650005000406650004400456130821s2000 ck gs spa  aCo-BoUCMbspa00aspa aBogotá.bAlcaldía Mayor.bCentro Distrital de Sistematización y Servicios Tecnicos. SISE00aElecciones Alcalde-Consejo-JAL Bogotá Distrito Capital, resultados escrutinios, noviembre 8 de 2000cCentro Distrital de Sistematización y Servicios Tecnicos. aBogotá (Colombia)bSISEc2000 a1 CD-ROM04aCiencia política04aEleccioneszBogotá (Colombia)y2000vCD-ROM04aVotozBogotá (Colombia)y2000vCD-ROM